00582nam a2200169Ia 4500003000900000008004100009020001800050040001600068080001700084245013100101260004800232300001400280650004100294650002400335650002700359700002600386IN-BaIIA211028s9999 xx 000 0 eng d a0-521-36331-4 cIIA Library a524.527bMOL 0aMolecular astrophysicsba volume honouring Alexander Dalgarnocedited by T. W. Hartquist  aCambridgebCambridge University Pressc1990 axv, 484p. aAstronomy and astrophysics thesaurus aInterstellar medium aMolecular astrophysics aHartquist, T. W., ed.